Missing Word: Debut Singles Quiz Stats

 Plays Quiz Updated Jun 18, 2012

Support Sporcle.
Go Orange.
Score 0/30 Timer 03:00
0 Plays Today
Song Missing % Correct
___ Than a FeelingMore
94.3%
Do You ___ in MagicBelieve
93.5%
Can't ___ EnoughGet
90.6%
Last ___ to ClarksvilleTrain
86.4%
___ Dreamin'California
80.7%
Whiter ___ of PaleShade
79.6%
___ LouieLouie
77%
Is She ___ Going Out with Him?Really
76.6%
A ___ with No NameHorse
70.4%
___ Keep Me Hangin' OnYou
64.3%
Please Mr. ___Postman
61.5%
___ OnDream
59.9%
Na Na Hey Hey (Kiss Him ___)Goodbye
59.4%
___ of SwingSultans
58.2%
Take It ___Easy
57.5%
Song Missing % Correct
My ___Sharona
55%
It's My ___Party
53.7%
___ Free EuropeRadio
47.3%
___ on ThroughBreak
47.2%
___ in the UKAnarchy
47.2%
Rock ___Lobster
46.6%
Blitzkrieg ___Bop
46.6%
Just What I ___Needed
46%
___ JoeHey
45.2%
She's Not ___There
37.1%
Mississippi ___Queen
34.1%
___ ManMagic
28.6%
A ___ in LoveFool
26.6%
96 ___Tears
23.3%
Don't Make Me ___Over
8.7%

Today's Daily Dose

Missing Word
'80s Musicals

Word Ladder
Hereditary

Get the Picture
Food Names

From the Vault

Disney Sorting Gallery IV

by hanlov

The Disney empire goes beyond your old VHS collection, but you already knew that.
Remove Ads.
Support Sporcle.
Get the best of Sporcle when you Go Orange. This ad-free experience offers more features, more stats, and more fun while also helping to support Sporcle. Thank you for becoming a member.

Show Comments

Extras

Top Quizzes Today


Score Distribution

Your Account Isn't Verified!

In order to create a playlist on Sporcle, you need to verify the email address you used during registration. Go to your Sporcle Settings to finish the process.

Report this User

Report this user for behavior that violates our Community Guidelines.

Details: